000 00682nam a2200289Ia 4500
005 20260324132231.0
008 008 260324s9999 xx 000 0 eng d
020 _a9780203013229
037 _aEBOOK
040 _aCRL
040 _beng
040 _cCRL
041 _2eng
041 _aeng
084 _qCRL
100 _aErik Oddvar Eriksen
_91188512
245 0 _aMaking The European Polity
245 0 _bReflexive integration in the EU
260 _bTaylor and Francis
260 _c2005
365 _a
365 _b230
856 _uhttp://www.taylorfrancis.com/books/9780203013229
942 _cEBOOK
999 _c1786447
_d1786447